01426nam a22003014a 4500001001200000003000800012006001900020007001500039008004100054010001700095020002200112020002500134040002100159035002100180050002300201111010500224245026600329260005300595300002500648504004100673533015200714650003900866655002900905700003200934710001700966856012600983999001501109ebr10282672CaPaEBRm u cr cn|||||||||070910s2006 gw a sb 100 0 eng c z 2007475068 z3110190184 (pbk.) z9783110190182 (pbk.) aCaPaEBRcCaPaEBR a(OCoLC)60862350214aRG658b.I58 2006eb2 aInternational Congress "The 'Normal' Complexities of Coming into the World"d(2006 :cModena, Italy)10aComing into the worldh[electronic resource] :ba dialogue between medical and human sciences : International Congress "The 'Normal' Complexities of Coming into the World", Modena, Italy, 28-30, September 2006 /ceditors, Giovanni Battista La Sala ... [et al.]. aBerlin ;aNew York :bWalter de Gruyter,cc2006. axiii, 366 p. :bill. aIncludes bibliographical references. aElectronic reproduction.bPalo Alto, Calif. :cebrary,d2013.nAvailable via World Wide Web.nAccess may be limited to ebrary affiliated libraries. 0aChildbirthxPsychological aspects. 7aElectronic books.2local1 aLa Sala, Giovanni Battista.2 aebrary, Inc.40uhttp://site.ebrary.com/lib/rucke/Doc?id=10282672zAn electronic book accessible through the World Wide Web; click to view c3577d3577